000
00307nam a2200109Ia 4500
008
200302s9999 xx 000 0 und d
100
_a
Adam Sharr
245
_a
Reading Architecture and Culture Researching Building Spaces and Documents
260
_b
Taylor &Francis Group
260
_c
2012
300
_a
251 P.,
999
_c
3261
_d
3261